Normal view
MARC view
- Russia
Entry Geographic Name
001 - CONTROL NUMBER
- control field: 10117
003 - CONTROL NUMBER IDENTIFIER
- control field: NUST
005 - DATE AND TIME OF LATEST TRANSACTION
- control field: 20180309105320.0
008 - FIXED-LENGTH DATA ELEMENTS
- fixed length control field: 180309|| aca||aabn | a|a d
040 ## - CATALOGING SOURCE
- Original cataloging agency: NUST
- Transcribing agency: NUST
151 ## - HEADING--GEOGRAPHIC NAME
- Geographic name: Russia
- General subdivision: History
- Chronological subdivision: Alexander I, 1801-1825
- Form subdivision: Fiction.
670 ## - SOURCE DATA FOUND
- Source citation: Work cat.: (NUST)0: Tolstoy, Leo, graf, 1828-1910. 10115, War and peace /, 2005.
